Central Library OPAC University of Rajshahi

Proverbs for programming in Pascal / (Record no. 54964)

MARC details
000 -LEADER
fixed length control field 00758nam a2200253 a 4500
001 - CONTROL NUMBER
control field 54964
003 - CONTROL NUMBER IDENTIFIER
rucl marc code BD-RjUL
005 - DATE AND TIME OF LATEST TRANSACTION
control field 20211209080209.0
008 - FIXED-LENGTH DATA ELEMENTS--GENERAL INFORMATION
fixed length control field 161113s1986 nyu||||| |||| 001 0 eng d
020 ## - INTERNATIONAL STANDARD BOOK NUMBER
International Standard Book Number 0471823090
035 ## - SYSTEM CONTROL NUMBER
System control number (BD-RjUL)
040 ## - CATALOGING SOURCE
Modifying agency BD-RjUL
Original cataloging agency BD-RjUL
Transcribing agency BD-RjUL
041 ## - LANGUAGE CODE
Language code of text/sound track or separate title eng
082 ## - DEWEY DECIMAL CLASSIFICATION NUMBER
Edition number 23
Classification number 005.133
Author mark and year MOP 1986
099 ## - LOCAL FREE-TEXT CALL NUMBER (OCLC)
Bangla Class number QA76.73.P2.M67 1986
100 1# - MAIN ENTRY--PERSONAL NAME
Personal name Moser, Louise E.
9 (RLIN) 163878
245 10 - TITLE STATEMENT
Title Proverbs for programming in Pascal /
Statement of responsibility, etc. Louise E. Moser, Andrew A. Turnbull.
260 ## - PUBLICATION, DISTRIBUTION, ETC. (IMPRINT)
Place of publication, distribution, etc. New York :
Name of publisher, distributor, etc. John Wiley and Sons
Date of publication, distribution, etc. c1986.
300 ## - PHYSICAL DESCRIPTION
Pagination xvi, 304 p. :
Illustrations ill. ;
Size 24 cm.
500 ## - GENERAL NOTE
General note Includes index.
650 #0 - SUBJECT ADDED ENTRY--TOPICAL TERM
Topical term or geographic name as entry element Pascal (Computer program language)
9 (RLIN) 118190
700 1# - ADDED ENTRY--PERSONAL NAME
Personal name Turnbull, Andrew A.
942 ## - ADDED ENTRY ELEMENTS (KOHA)
Source of classification or shelving scheme Dewey Decimal Classification
Koha item type Books
Holdings
Lost status Source of classification or shelving scheme Damaged status Not for loan Collection code Permanent Location Current Location Shelving location Date acquired Source of acquisition Total Checkouts Full call number Date last seen Copy number Koha item type
  Dewey Decimal Classification     Non-fiction Central Library, University of Rajshahi Central Library, University of Rajshahi   22/05/1989 Asia Foundation, U.S.A   005.133 MOP 1986 13/11/2016 C-2 Books